| 000 | 02177nam a22002297a 4500 | ||
|---|---|---|---|
| 999 |
_c62740 _d62740 |
||
| 003 | Ge_BSU | ||
| 005 | 20250204122753.0 | ||
| 008 | 250204s2016 ge ||||| |||| 00| 0 geo d | ||
| 020 | _a9789941465420 | ||
| 041 | _ageo | ||
| 080 | _a378(479.22)(075.8) მ-65 | ||
| 245 |
_a"მთელი სიცოცხლის მანძილზე სწავლა” - სახელმძღვანელო უმაღლესი საგანმანათლებლო დაწესებულებისთვის : _bშემუშავებული ტემპუსის პროექტის ფარგლებში ”უნივერსიტეტების, როგორც უწყვეტი განათლების ინსტიტუციების როლის გაძლიერება" = University lifelong learning - manual for higher educational institutions : Developed in the framework of TEMPUS project "Strengthening the specific role of universities as LLL institutions" (SSRULLI) : (Project number: 544251 - TEMPUS-1-2013-1-GE-TEMPUS-JPHES) / _cმთარგმნელები: გიორგი ბალიაშვილი, თათია მთვარელიძე; რედაქტორი ირინე დარჩია. |
||
| 264 |
_aთბილისი : _bმწიგნობარი, _c 2016. |
||
| 300 |
_a100 გვ. : _bცხრ. ; _c20 სმ. |
||
| 500 | _aგარეკანი და თავფურცელი ქართ. და ინგლ. ენებზე. | ||
| 501 | _aპროექტი თანადაფინანსებულია ევროკომისიის მიერ. | ||
| 653 | _aუმაღლესი განათლება საქართველოში | ||
| 700 |
_aბალიაშვილი, გიორგი _eმთარგმნელი _924243 |
||
| 700 |
_aმთვარელიძე, თათია _eმთარგმნელი _914713 |
||
| 700 |
_aდარჩია, ირინე _eრედაქტორი _96263 |
||
| 942 |
_2udc _cᲬᲘᲒᲜᲘ |
||